Statistics for Countries with an 'M' in their name:

Click here to take the quiz!

General Stats

  • This quiz has been taken 73 times
  • The average score is 45 of 54

Answer Stats

HintAnswer% Correct
YYemen
100%
OOman
95%
AArmenia
94%
Germany
94%
ZZambia
94%
United Kingdom
92%
RRomania
92%
DDenmark
92%
VVietnam
91%
PPanama
91%
Maldives
91%
JJamaica
91%
Zimbabwe
91%
MMacedonia
89%
United States of America
89%
Mali
89%
NNamibia
89%
Morocco
88%
Monaco
88%
Belgium
88%
Malaysia
88%
Myanmar / Burma
88%
CCambodia
85%
UUnited Arab Emirates
85%
Somalia
85%
Montenegro
85%
GGambia
85%
Madagascar
85%
Mexico
83%
Cameroon
83%
Mongolia
83%
Mauritania
83%
Dominican Rep.
82%
Dominica
82%
LLuxembourg
82%
Mozambique
82%
Mauritius
82%
Malta
80%
Moldova
80%
Malawi
80%
Guatemala
78%
TTurkmenistan
78%
San Marino
77%
Suriname
75%
BBahamas
75%
Marshall Islands
74%
Colombia
74%
Micronesia
72%
SSamoa
71%
Comoros
69%
EEast Timor
69%
Congo DR
68%
Solomon Islands
66%
Sao Tome and Principe
58%

Score Distribution

Percentile by Number Answered

Percent of People with Each Score

Your Score History

You have not taken this quiz